Để trở thành tỷ phú trước tuổi 30

Gorde:
Xehetasun bibliografikoak
Egile nagusia: Hứa, Danh Sán
Formatua: Liburua
Hizkuntza:Undetermined
Argitaratua: Hải Phòng Văn hóa Thông tin 2004
Gaiak:
Etiketak: Etiketa erantsi
Etiketarik gabe, Izan zaitez lehena erregistro honi etiketa jartzen!
Thư viện lưu trữ: Trung tâm Học liệu Trường Đại học Cần Thơ
LEADER 00585nam a2200193Ia 4500
001 CTU_95309
008 210402s9999 xx 000 0 und d
020 |c 23000 
082 |a 650.1 
082 |b S105 
100 |a Hứa, Danh Sán 
245 0 |a Để trở thành tỷ phú trước tuổi 30 
245 0 |c Hứa Danh Sán ; Phạm Viết Chiến biên dịch 
260 |a Hải Phòng 
260 |b Văn hóa Thông tin 
260 |c 2004 
650 |a Success in business 
904 |i Minh 
980 |a Trung tâm Học liệu Trường Đại học Cần Thơ